|
|
|
|
| LEADER |
00000naa0a2200000 4500 |
| 001 |
591322 |
| 005 |
20250127140026.0 |
| 035 |
|
|
|a (RuTPU)RU\TPU\tpu\1490
|
| 035 |
|
|
|a TPU00001490
|
| 090 |
|
|
|a 591322
|
| 100 |
|
|
|a 20011210d1960 k y0rusy50 ca
|
| 101 |
0 |
|
|a rus
|
| 102 |
|
|
|a RU
|
| 200 |
1 |
|
|a Синтез и исследование ацилпроизводных ряда пиразолона
|f Л. П. Кулев, Г. М. Степнова
|
| 320 |
|
|
|a Библиогр.: 7 назв.
|
| 333 |
|
|
|a В фонде НТБ ТПУ отсутствует
|
| 461 |
|
|
|t Известия Сибирского отделения Академии наук СССР
|f Академия наук СССР (АН СССР), Сибирское отделение (СО)
|
| 463 |
|
|
|t № 5
|v С. 73-76
|d 1960
|
| 610 |
1 |
|
|a химические науки
|
| 610 |
1 |
|
|a труды учёных ТПУ
|
| 700 |
|
1 |
|a Кулев
|b Л. П.
|c химик
|c профессор Томского политехнического института
|f 1900-1962
|g Леонид Петрович
|3 (RuTPU)RU\TPU\pers\12449
|
| 701 |
|
1 |
|a Степнова
|b Г. М.
|
| 801 |
|
0 |
|a RU
|b 63413507
|c 20011210
|g PSBO
|
| 801 |
|
2 |
|a RU
|b 63413507
|c 20171019
|g PSBO
|
| 942 |
|
|
|c CR
|